The nigerian journal of pure and applied sciences (Record no. 38723)

MARC details
000 -LEADER
fixed length control field 00555nam a2200169Ia 4500
022 ## - INTERNATIONAL STANDARD SERIAL NUMBER
ISSN 07940378
050 ## - CALL MARK
Classification number Q 85.4 .N52/
245 #4 - TITLE STATEMENT
Title The nigerian journal of pure and applied sciences
260 ## - PUBLICATION, DISTRIBUTION, ETC. (IMPRINT)
Place of publication Ilorin, Kwara
260 ## - PUBLICATION, DISTRIBUTION, ETC. (IMPRINT)
Name of publisher Faculty of Science, University of Ilorin
260 ## - PUBLICATION, DISTRIBUTION, ETC. (IMPRINT)
Year of publication 2011
300 ## - PHYSICAL DESCRIPTION
Number of Pages v. : ill., maps ; 29 cm.
650 ## - SUBJECT ADDED ENTRY--TOPICAL TERM
Topical Term Science--Nigeria--Periodicals. Technology--Nigeria--Periodicals. Science--Periodicals. Technology--Periodicals.
942 ## - ADDED ENTRY ELEMENTS (KOHA)
Koha item type Serials

No items available.